Việt Nam nghĩa liệt sĩ
Dịch từ chữ Nôm
Bewaard in:
| Hoofdauteur: | |
|---|---|
| Formaat: | Boek |
| Taal: | Undetermined |
| Gepubliceerd in: |
Hà nội
Văn học
1972
|
| Onderwerpen: | |
| Tags: |
Voeg label toe
Geen labels, Wees de eerste die dit record labelt!
|
| Thư viện lưu trữ: | Trung tâm Học liệu Trường Đại học Cần Thơ |
|---|
| LEADER | 00575nam a2200193Ia 4500 | ||
|---|---|---|---|
| 001 | CTU_10972 | ||
| 008 | 210402s9999 xx 000 0 und d | ||
| 082 | |a 959.7043 | ||
| 082 | |b B116 | ||
| 100 | |a Đặng Đoàn Bằng | ||
| 245 | 0 | |a Việt Nam nghĩa liệt sĩ | |
| 245 | 0 | |c Đặng Đoàn Bằng, Tôn Quang Phiệt | |
| 260 | |a Hà nội | ||
| 260 | |b Văn học | ||
| 260 | |c 1972 | ||
| 520 | |a Dịch từ chữ Nôm | ||
| 650 | |a vietnam - history | ||
| 904 | |i Minh, 961014 | ||
| 980 | |a Trung tâm Học liệu Trường Đại học Cần Thơ | ||